Statistics for Marvels Avengers, Age of Ultron & lnfinity War Characters Quiz

Click here to take the quiz!

General Stats

  • This quiz has been taken 222 times
  • The average score is 13 of 13

Answer Stats

QuestionAnswer% Correct
God of thunder....he likes his hammerThor
100%
Known as leader of AvengersCaptain America
99%
Scientist.....but he turns big,green and monster when he's angryHulk
99%
Genius,Billionaire,Playboy,PhilantrophistIron Man
99%
The Arrow Guy,..always in the targetHawkeye
98%
First villain,brother of the God of ThunderLoki
98%
Assassin,and Spy...works with the arrow guy...Black Widow
97%
Director of S.H.I.E.L.D he had patch in eyesNick Fury
97%
Second villain,robot,silver,he had bunch of robot like himUltron
97%
Wierd sister...of Pietro,her name is Wanda MaximoffScarlet Witch
96%
Third villain,biggest baddest villain, likes Infinity StonesThanos
96%
Robot, not bad,likes Wanda MaximoffVision
96%
Fast guy...like flash..his name is Pietro MaximoffQuicksilver
95%

Score Distribution

Percentile by Number Answered

Percent of People with Each Score

Your Score History

You have not taken this quiz